Psicología del lenguaje. Procesos
Gespeichert in:
| 1. Verfasser: | |
|---|---|
| Format: | Buch |
| Sprache: | Spanisch |
| Veröffentlicht: |
Madrid
Universidad Nacional de Educación a Distancia
1989
|
| Ausgabe: | 3a. ed |
| Schriftenreihe: | Cuadernos de la Uned, 41
|
| Schlagworte: | |
| Tags: |
Tag hinzufügen
Keine Tags, Fügen Sie den ersten Tag hinzu!
|
MARC
| LEADER | 00000nam a2200000 a 4500 | ||
|---|---|---|---|
| 001 | UCO9505 | ||
| 003 | CL-VaPUC | ||
| 008 | 010302e19890000SP |||||||||||||||||spa|d | ||
| 082 | 0 | 4 | |a 401.9 |b SAN |2 21 |
| 100 | 0 | |a Santa Cruz, Juan |e author |9 454717 | |
| 245 | 1 | 0 | |a Psicología del lenguaje. Procesos |
| 250 | |a 3a. ed | ||
| 300 | |a 246 p | ||
| 942 | |c BK | ||
| 945 | |d 20010302 00:00:00 |a cmena | ||
| 260 | |a Madrid |b Universidad Nacional de Educación a Distancia |c 1989 | ||
| 650 | 0 | |a Psicolingüística |9 283371 | |
| 650 | 0 | |a Lenguaje natural |9 421363 | |
| 650 | 0 | |a Cognición |9 270347 | |
| 650 | 0 | |a Actos de habla |9 454718 | |
| 650 | 0 | |a Comunicación |9 257251 | |
| 583 | |a last modification |c 20010302 00:00:00 |k Rodrigo Vera | ||
| 490 | 0 | |a Cuadernos de la Uned, 41 | |
| 999 | |c 293709 |d 293707 | ||
| 952 | |0 0 |1 0 |4 0 |6 401_900000000000000_SAN_1989 |7 0 |8 A |9 345408 |a FDOPOS |b FDOPOS |d 2019-11-20 |i 3689425 |o 401.9 SAN 1989 |p 3689425 |r 2025-01-22 |w 2019-11-20 |y BK |k MLA | ||